00515 2200193 4500001002100000005001500021008004100036020002200077035001900099041000700118082001000125090001600135100002500151245004600176250001000222260003200232300003600264650002100300INLIS00000000001421020241224114712241224||||||||| | ||| |||| || |  a978-602-7825-78-9 0010-1224014210 aid0 a637.5 a637.5 SOE t0 aSoewarno T. Soekarto00aTeknologi Penanganan dan Pengolahan Telur acet.1 aBandungbalfabeta, cvc2013 atek41 (xvi + 360) 16 cm x 24 cm 0apengolahan telor